000 00359nam a2200133Ia 4500
005 20260328101504.0
008 260328s9999||||xx |||||||||||||| ||und||
100 _aArgan, Giulio Carlo
245 0 _aMarcel Breuer :
_b Disegno Industriale e architettura /
_cGiulio Carlo Argan
260 _bGorlich
300 _a123 p.
650 _aBreuer, Marcel
942 _cBK
999 _c8987
_d8987